Burket's Oral Medicine (Record no. 32864)

MARC details
000 -LEADER
fixed length control field 00331nam a22001577a 4500
003 - CONTROL NUMBER IDENTIFIER
control field SGT
020 ## - INTERNATIONAL STANDARD BOOK NUMBER
International Standard Book Number 9789354641473
082 ## - DEWEY DECIMAL CLASSIFICATION NUMBER
Classification number 616.31
Item number B22G
100 ## - MAIN ENTRY--PERSONAL NAME
Personal name Glick, Michael
245 ## - TITLE STATEMENT
Title Burket's Oral Medicine
250 ## - EDITION STATEMENT
Edition statement 13th Ed.
260 ## - PUBLICATION, DISTRIBUTION, ETC. (IMPRINT)
Name of publisher, distributor, etc Wiley
Year of Publication 2022
300 ## - PAGE DESCRIPTION
No. of Pages 1172
650 ## - SUBJECT ADDED ENTRY--TOPICAL TERM
Topical term or geographic name as entry element Oral Medicine
942 ## - ADDED ENTRY ELEMENTS (KOHA)
Source of classification or shelving scheme Dewey Decimal Classification
Koha item type Books
Holdings
Withdrawn status Lost status Source of classification or shelving scheme Damaged status Not for loan Home library Current library Shelving location Date acquired Vendor Name Cost, normal purchase price SGTU Bill Number Total Checkouts Full call number Accession No. (Barcode) Date last seen Date last borrowed Bill Date Koha item type Checked out
    Dewey Decimal Classification     SGT Dental Library SGT Dental Library Text Book 24/10/2025 Ahuja Book Co. Pvt. Ltd. 2599.00 SGTU 21713 3 616.31 B22G FD10011 01/06/2026 21/05/2026   Books  
    Dewey Decimal Classification     SGT Dental Library SGT Dental Library Text Book 24/10/2025 Ahuja Book Co. Pvt. Ltd. 2599.00 SGTU 21713 4 616.31 B22G FD10012 28/05/2026 28/05/2026   Books  
    Dewey Decimal Classification     SGT Dental Library SGT Dental Library Text Book 24/10/2025 Ahuja Book Co. Pvt. Ltd. 2599.00 SGTU 21713 3 616.31 B22G FD10013 28/05/2026 28/05/2026   Books 11/06/2026
    Dewey Decimal Classification     SGT Dental Library SGT Dental Library Text Book 24/10/2025 Ahuja Book Co. Pvt. Ltd. 2599.00 SGTU 21713 4 616.31 B22G FD10014 18/05/2026 18/05/2026   Books  
    Dewey Decimal Classification     SGT Dental Library SGT Dental Library Text Book 24/10/2025 Ahuja Book Co. Pvt. Ltd. 2599.00 SGTU 21713 2 616.31 B22G FD10015 30/04/2026 30/04/2026   Books 14/05/2026
    Dewey Decimal Classification     SGT Dental Library SGT Dental Library Text Book 24/10/2025 Ahuja Book Co. Pvt. Ltd. 2599.00 SGTU 21713 4 616.31 B22G FD10016 04/06/2026 22/05/2026   Books  
    Dewey Decimal Classification     SGT Dental Library SGT Dental Library Text Book 24/10/2025 Ahuja Book Co. Pvt. Ltd. 2599.00 SGTU 21713 3 616.31 B22G FD10017 01/06/2026 22/05/2026   Books  
    Dewey Decimal Classification     SGT Dental Library SGT Dental Library Text Book 24/10/2025 Ahuja Book Co. Pvt. Ltd. 2599.00 SGTU 21713 5 616.31 B22G FD10018 04/06/2026 30/05/2026   Books  
    Dewey Decimal Classification     SGT Dental Library SGT Dental Library Text Book 24/10/2025 Ahuja Book Co. Pvt. Ltd. 2599.00 SGTU 21713 6 616.31 B22G FD10019 27/04/2026 27/04/2026   Books  
    Dewey Decimal Classification     SGT Dental Library SGT Dental Library Text Book 24/10/2025 Ahuja Book Co. Pvt. Ltd. 2599.00 SGTU 21713 7 616.31 B22G FD10020 01/06/2026 30/05/2026   Books